| 000 | 00633nam a22001937a 4500 | ||
|---|---|---|---|
| 003 | 0 | ||
| 005 | 20231227141756.0 | ||
| 008 | 231227b xxu||||| |||| 00| 0 eng d | ||
| 020 | _a978-621-406-203-4 | ||
| 050 |
_aDS 675 _b.P36 2018 |
||
| 082 |
_aDS 675 _b.P36 2018 |
||
| 100 | _aPangilinan, Michael C. | ||
| 245 |
_aLife of Dr. Jose P. Rizal : a modular approach based on the CHED curriculum _cMichael C. Pangilinan |
||
| 260 |
_aManila _bMindshapers Co., Inc. _cc2018. |
||
| 300 |
_a316 pages ; _c25cm. |
||
| 504 | _aIncludes bibliographical references and indexes. | ||
| 650 | _aRizal, Jose, 1861-1896. | ||
| 942 |
_2lcc _cBK |
||
| 999 |
_c365795 _d365795 |
||